[Event "2. Bundesliga Ost 2018/2019"]
[Site "alle Wien"]
[Date "2018.10.07"]
[Round "2"]
[Board "3"]
[White "Groetz, Harald"]
[Black "Kleman, Miroslav"]
[Result "1/2-1/2"]
[WhiteElo "2339"]
[BlackElo "2256"]
[PlyCount "66"]
[EventDate "2018.10.06"]
[EventType "team"]
[EventRounds "11"]
[EventCountry "AUT"]
[WhiteTeam "SG Mistelbach/Altlichtenwarth"]
[BlackTeam "Wiener Amateurschachklub"]

1. Nf3 Nf6 2. g3 g6 3. b3 Bg7 4. Bb2 O-O 5. Bg2 b6 6. d4 Bb7 7. c4 d6 8. O-O e6
9. Nc3 Qe7 10. Qc2 Nbd7 11. e4 e5 12. Nd5 Nxd5 13. cxd5 Rac8 14. dxe5 Nxe5 15.
Nd4 c5 16. dxc6 Nxc6 17. Qd2 Nxd4 18. Bxd4 Bxd4 19. Qxd4 f5 20. exf5 Bxg2 21.
Kxg2 Rxf5 22. Rad1 Rc2 23. Rd2 Rxd2 24. Qxd2 Qe4+ 25. Kg1 Qd5 26. Qe2 Re5 27.
Qa6 Re7 28. Qc8+ Kg7 29. Qc3+ Qe5 30. Qd3 d5 31. Rd1 Rd7 32. f4 Qf6 33. Qd4
Qxd4+  1/2-1/2

[Event "2. Bundesliga Ost 2018/2019"]
[Site "alle Wien"]
[Date "2018.10.07"]
[Round "2"]
[Board "4"]
[White "Frindt, Kornel"]
[Black "Vrana, Frantisek"]
[Result "1/2-1/2"]
[WhiteElo "2217"]
[BlackElo "2252"]
[PlyCount "65"]
[EventDate "2018.10.06"]
[EventType "team"]
[EventRounds "11"]
[EventCountry "AUT"]
[WhiteTeam "Wiener Amateurschachklub"]
[BlackTeam "SG Mistelbach/Altlichtenwarth"]

1. e4 d5 2. exd5 Qxd5 3. Nc3 Qa5 4. Bc4 Nf6 5. d3 c6 6. Bd2 Nbd7 7. Qe2 Qe5 8.
d4 Qxe2+ 9. Ngxe2 e6 10. O-O Be7 11. Bd3 O-O 12. Ne4 Rd8 13. Bf4 Nd5 14. Bd6
Bxd6 15. Nxd6 Nb4 16. Rfd1 Nxd3 17. Rxd3 Nf6 18. Nxc8 Raxc8 19. Rad1 Rd7 20. f3
Rcd8 21. Nc3 Nd5 22. Nxd5 Rxd5 23. Kf2 Kf8 24. R1d2 Rh5 25. h3 Ra5 26. a3 Rad5
27. Ke3 Ke7 28. Ke4 Kf6 29. c4 R5d7 30. f4 h5 31. g3 Rg8 32. Rf2 g6 33. Rfd2
 1/2-1/2

[Event "2. Bundesliga Ost 2018/2019"]
[Site "alle Wien"]
[Date "2018.10.07"]
[Round "2"]
[Board "5"]
[White "Teuber, Andreas"]
[Black "Reyes-Acevedo, Ismael"]
[Result "1-0"]
[WhiteElo "2167"]
[BlackElo "1964"]
[PlyCount "167"]
[EventDate "2018.10.06"]
[EventType "team"]
[EventRounds "11"]
[EventCountry "AUT"]
[WhiteTeam "SG Mistelbach/Altlichtenwarth"]
[BlackTeam "Wiener Amateurschachklub"]

1. d4 Nf6 2. c4 e6 3. g3 d5 4. Nf3 Be7 5. Bg2 O-O 6. O-O Nbd7 7. Qc2 Ne4 8. Ne1
f5 9. f3 Nd6 10. b3 Bf6 11. Bb2 Bg5 12. c5 Nf7 13. f4 Be7 14. c6 Nf6 15. cxb7
Bxb7 16. Nd3 Ne4 17. Nc3 Rc8 18. Na4 Rb8 19. Rac1 Bd6 20. Ne5 Qe8 21. Bxe4 dxe4
22. Nc5 e3 23. Nxb7 Rxb7 24. Nc4 Nh6 25. Nxe3 Qh5 26. Rf2 g5 27. d5 gxf4 28.
Qc3 e5 29. gxf4 Re8 30. Nc4 Bc5 31. e3 Bb4 32. Qd3 Kf7 33. fxe5 Rg8+ 34. Kh1
Ng4 35. Rxf5+ Ke8 36. Qe2 Qxf5 37. Rf1 Qe4+ 38. Qf3 Qxf3+ 39. Rxf3 Be1 40. h3
Nf2+ 41. Kh2 Ne4 42. e6 Bg3+ 43. Kh1 Rb5 44. d6 cxd6 45. Rf7 Rh5 46. Rxa7 Rxh3+
47. Kg2 Rh2+ 48. Kf3 Nf6 49. Ra8+ Ke7 50. Bxf6+ Kxf6 51. Rxg8 Be1 52. Re8 d5
53. Nb6 Kf5 54. e7 Rf2+ 55. Kg3 Ke6 56. Kg4 Rg2+ 57. Kf4 Rf2+ 58. Kg5 Rg2+ 59.
Kf4 Rf2+ 60. Kg4 Rg2+ 61. Kh3 Rg3+ 62. Kh2 Rg5 63. Nc8 Bb4 64. Rh8 Rh5+ 65. Kg3
Bxe7 66. Re8 Kd7 67. Rxe7+ Kxc8 68. b4 Rh1 69. b5 Kb8 70. Re6 Rb1 71. a4 Rb4
72. Ra6 h5 73. Rb6+ Kc7 74. a5 Rb3 75. Rc6+ Kd7 76. Rb6 Rxe3+ 77. Kf4 Re8 78.
Rh6 Re4+ 79. Kf5 Ra4 80. a6 d4 81. Ke4 h4 82. Kd3 h3 83. a7 Kc7 84. Ra6  1-0

[Event "2. Bundesliga Ost 2018/2019"]
[Site "alle Wien"]
[Date "2018.10.07"]
[Round "2"]
[Board "6"]
[White "Jirovec, Alfred"]
[Black "Oberhuber, Alexander"]
[Result "1/2-1/2"]
[WhiteElo "1977"]
[BlackElo "2028"]
[PlyCount "105"]
[EventDate "2018.10.06"]
[EventType "team"]
[EventRounds "11"]
[EventCountry "AUT"]
[WhiteTeam "Wiener Amateurschachklub"]
[BlackTeam "SG Mistelbach/Altlichtenwarth"]

1. Nf3 c5 2. c4 g6 3. g3 Bg7 4. Bg2 Nc6 5. O-O e6 6. d3 Nge7 7. Nc3 O-O 8. Rb1
d6 9. Bd2 Rb8 10. a3 a6 11. b4 cxb4 12. axb4 b5 13. cxb5 axb5 14. Qc1 Bd7 15.
Bh6 Nf5 16. Bxg7 Kxg7 17. Ne4 e5 18. Qb2 h5 19. h4 f6 20. Rfe1 Qb6 21. e3 Be6
22. Rbc1 Rbc8 23. Rcd1 Bd5 24. Nfd2 Bg8 25. Ra1 Ra8 26. Bh3 Rxa1 27. Rxa1 Nxe3
28. fxe3 Qxe3+ 29. Kh2 f5 30. Nf1 Qxd3 31. Nf2 Qb3 32. Qd2 Qxb4 33. Qxb4 Nxb4
34. Rb1 Nc2 35. Rxb5 Bc4 36. Rb6 Rd8 37. Nd2 Bf7 38. Bf1 Ne3 39. Be2 e4 40. Nb3
Nc4 41. Rb7 Ne5 42. Nd4 Kf6 43. Rb6 Bc4 44. Bxc4 Nxc4 45. Rc6 Ne5 46. Rc3 Ra8
47. Nh3 Ra4 48. Nb5 e3 49. Kg2 Ra2+ 50. Kf1 Ng4 51. Ng5 Ra1+ 52. Ke2 Ra2+ 53.
Ke1  1/2-1/2

[Event "2. Bundesliga Ost 2018/2019"]
[Site "alle Wien"]
[Date "2018.10.07"]
[Round "2"]
[Board "1"]
[White "Neubauer, Martin"]
[Black "Polak, Tomas"]
[Result "1/2-1/2"]
[WhiteElo "2428"]
[BlackElo "2503"]
[PlyCount "65"]
[EventDate "2018.10.06"]
[EventType "team"]
[EventRounds "11"]
[EventCountry "AUT"]
[WhiteTeam "mpimmo Wien - SK Ottakring"]
[BlackTeam "SK Hietzing"]

1. e4 e5 2. Nf3 Nf6 3. Nxe5 d6 4. Nf3 Nxe4 5. Nc3 Nf6 6. d4 Be7 7. Bd3 O-O 8.
h3 Nc6 9. a3 Re8 10. O-O h6 11. Re1 Be6 12. Ne2 Bf8 13. c4 Bd7 14. Be3 d5 15.
Nc3 Be6 16. c5 Ne4 17. Nxe4 dxe4 18. Bxe4 Bd5 19. Bxd5 Qxd5 20. b4 a6 21. Rb1
Re4 22. Qb3 Ne7 23. Nd2 Re6 24. f3 b6 25. Bf2 Rxe1+ 26. Rxe1 Qxb3 27. Nxb3 Nd5
28. Re5 Rd8 29. Kf1 f6 30. Re6 Kf7 31. Rc6 Ke8 32. cxb6 cxb6 33. Nd2  1/2-1/2

[Event "2. Bundesliga Ost 2018/2019"]
[Site "alle Wien"]
[Date "2018.10.07"]
[Round "2"]
[Board "2"]
[White "Belke, Frank"]
[Black "Steiner, Adam"]
[Result "1/2-1/2"]
[WhiteElo "2300"]
[BlackElo "2219"]
[PlyCount "52"]
[EventDate "2018.10.06"]
[EventType "team"]
[EventRounds "11"]
[EventCountry "AUT"]
[WhiteTeam "SK Hietzing"]
[BlackTeam "mpimmo Wien - SK Ottakring"]

1. d4 d5 2. c4 c6 3. Nf3 Nf6 4. Nc3 dxc4 5. a4 Bf5 6. Ne5 Nbd7 7. Nxc4 Nb6 8.
Ne5 a5 9. f3 Nfd7 10. Nxd7 Nxd7 11. e4 Bg6 12. Be2 Qb6 13. f4 e5 14. dxe5 f5
15. exf5 Bxf5 16. Bg4 Bxg4 17. Qxg4 O-O-O 18. Bd2 Kb8 19. O-O-O Ba3 20. bxa3
Nc5 21. Be3 Qb3 22. Bxc5 Qxc3+ 23. Kb1 Qb3+ 24. Kc1 Qc3+ 25. Kb1 Qb3+ 26. Kc1
Qc3+  1/2-1/2

[Event "2. Bundesliga Ost 2018/2019"]
[Site "alle Wien"]
[Date "2018.10.07"]
[Round "2"]
[Board "3"]
[White "Steindl, Johannes"]
[Black "Schroll, Gerhard"]
[Result "0-1"]
[WhiteElo "2215"]
[BlackElo "2304"]
[PlyCount "85"]
[EventDate "2018.10.06"]
[EventType "team"]
[EventRounds "11"]
[EventCountry "AUT"]
[WhiteTeam "mpimmo Wien - SK Ottakring"]
[BlackTeam "SK Hietzing"]

1. e4 Nf6 2. e5 Nd5 3. d4 d6 4. Nf3 dxe5 5. Nxe5 c6 6. Be2 Bf5 7. O-O Nd7 8.
Nf3 e6 9. c4 N5f6 10. Nc3 Bd6 11. h3 O-O 12. Be3 h6 13. Qb3 Qb6 14. Nd2 Qxb3
15. axb3 a6 16. Rfe1 Rfe8 17. f4 c5 18. Nf3 Rad8 19. dxc5 Nxc5 20. Nd4 Bh7 21.
Rad1 Nfe4 22. b4 Nxc3 23. bxc3 Ne4 24. c5 Bc7 25. Rc1 e5 26. fxe5 Bxe5 27. Bf3
Nxc3 28. Bxb7 Bxd4 29. Bxd4 Ne2+ 30. Rxe2 Rxe2 31. c6 Rxd4 32. c7 Bf5 33. Bxa6
Rb2 34. Rc5 Bd7 35. b5 Kf8 36. Rc6 Rdd2 37. Kh1 Rxg2 38. c8=Q+ Bxc8 39. Rxc8+
Ke7 40. b6 Rgd2 41. Rc7+ Kf6 42. Rc6+ Ke5 43. Bf1  0-1

[Event "2. Bundesliga Ost 2018/2019"]
[Site "alle Wien"]
[Date "2018.10.07"]
[Round "2"]
[Board "4"]
[White "Mozny, Milos"]
[Black "Bauer, Thomas"]
[Result "1-0"]
[WhiteElo "2283"]
[BlackElo "2244"]
[PlyCount "87"]
[EventDate "2018.10.06"]
[EventType "team"]
[EventRounds "11"]
[EventCountry "AUT"]
[WhiteTeam "SK Hietzing"]
[BlackTeam "mpimmo Wien - SK Ottakring"]

1. d4 d6 2. Nf3 Nf6 3. c4 Nbd7 4. g3 g6 5. Bg2 Bg7 6. O-O O-O 7. Nc3 e5 8. e4
Re8 9. h3 exd4 10. Nxd4 Nc5 11. Re1 a5 12. b3 a4 13. b4 Ne6 14. Be3 Nd7 15. Rc1
h5 16. f4 Ndf8 17. Nf3 Nh7 18. Qd2 Bd7 19. b5 Nc5 20. e5 Qc8 21. Kh2 Bf5 22.
exd6 cxd6 23. Nd5 Nf6 24. Ng5 h4 25. g4 Nfe4 26. Bxe4 Nxe4 27. Qg2 f6 28. Nf3
Bd7 29. Nb6 Qd8 30. Nxa8 Qxa8 31. Nxh4 d5 32. cxd5 g5 33. Nf5 Qb8 34. d6 Bf8
35. Bc5 Bxf5 36. gxf5 Nxc5 37. Rxe8 Qxd6 38. Kh1 Kf7 39. Rxf8+ Kxf8 40. fxg5
fxg5 41. Qxg5 Qd5+ 42. Qg2 Qe5 43. Rg1 Ne4 44. Qg8+  1-0

[Event "2. Bundesliga Ost 2018/2019"]
[Site "alle Wien"]
[Date "2018.10.07"]
[Round "2"]
[Board "5"]
[White "Plank, Franz"]
[Black "Djeno, Drago"]
[Result "0-1"]
[WhiteElo "2195"]
[BlackElo "2253"]
[PlyCount "120"]
[EventDate "2018.10.06"]
[EventType "team"]
[EventRounds "11"]
[EventCountry "AUT"]
[WhiteTeam "mpimmo Wien - SK Ottakring"]
[BlackTeam "SK Hietzing"]

1. e4 c5 2. d4 cxd4 3. Qxd4 Nc6 4. Qd3 g6 5. c4 Bg7 6. Nc3 Nf6 7. f3 a6 8. Be3
b5 9. Qd2 bxc4 10. Bxc4 O-O 11. Nge2 Ne5 12. Bb3 a5 13. O-O d6 14. Rfd1 Bd7 15.
a3 Qb8 16. Ba2 Rc8 17. Nf4 Bc6 18. Rac1 Rc7 19. Nfd5 Rb7 20. Rb1 Nxd5 21. Nxd5
Bb5 22. b3 Bc6 23. Rbc1 Bxd5 24. Qxd5 Rb5 25. Qd2 Nd7 26. Rc2 Nc5 27. Qe2 Nxb3
28. Rc8+ Qxc8 29. Qxb5 Rb8 30. Qd5 a4 31. Ba7 Rb7 32. Be3 h5 33. h3 Qd7 34. Rd3
Qb5 35. Kh2 Qxd5 36. exd5 Bb2 37. Rd1 Bxa3 38. Rb1 Bc5 39. Bg5 f6 40. Bh4 Kf7
41. g4 hxg4 42. hxg4 g5 43. Be1 Bd4 44. Kg2 Rb5 45. Kf1 Be3 46. Ke2 Bf4 47. Kf2
Ke8 48. Kf1 Kd7 49. Kg2 Kc7 50. Rb2 Be5 51. Rb1 Kb6 52. Bf2+ Ka5 53. Be1+ Ka6
54. Kf2 Kb6 55. Ke3 Nc5 56. Bb4 Na6 57. Ba3 Rxb1 58. Bxb1 Nc7 59. Ke4 Nb5 60.
Bb4 Bc3  0-1

[Event "2. Bundesliga Ost 2018/2019"]
[Site "alle Wien"]
[Date "2018.10.07"]
[Round "2"]
[Board "6"]
[White "Stadler, Peter"]
[Black "Scheffknecht, Philipp"]
[Result "1/2-1/2"]
[WhiteElo "2056"]
[BlackElo "2101"]
[PlyCount "61"]
[EventDate "2018.10.06"]
[EventType "team"]
[EventRounds "11"]
[EventCountry "AUT"]
[WhiteTeam "SK Hietzing"]
[BlackTeam "mpimmo Wien - SK Ottakring"]

1. d4 Nf6 2. Nf3 e6 3. Bf4 b6 4. e3 Bb7 5. Nbd2 Be7 6. Bd3 Nh5 7. Bg3 d6 8. Qe2
Nd7 9. O-O c5 10. c3 Nxg3 11. hxg3 O-O 12. e4 cxd4 13. cxd4 Rc8 14. Rac1 Rc7
15. e5 Qc8 16. Rcd1 dxe5 17. dxe5 Nc5 18. Bb1 Ba6 19. Nc4 Nd7 20. b3 Rd8 21.
Qe4 f5 22. exf6 Nxf6 23. Rxd8+ Bxd8 24. Qe3 Bxc4 25. bxc4 Rxc4 26. Ng5 Nd5 27.
Qxe6+ Qxe6 28. Nxe6 Bf6 29. Re1 Nc3 30. Bc2 Rc8 31. Bb3  1/2-1/2

[Event "2. Bundesliga Ost 2018/2019"]
[Site "alle Wien"]
[Date "2018.10.07"]
[Round "2"]
[Board "2"]
[White "Hangweyrer, Manfred"]
[Black "Sadilek, Peter"]
[Result "1/2-1/2"]
[WhiteElo "2351"]
[BlackElo "2291"]
[PlyCount "68"]
[EventDate "2018.10.06"]
[EventType "team"]
[EventRounds "11"]
[EventCountry "AUT"]
[WhiteTeam "SK Austria"]
[BlackTeam "tschaturanga"]

1. e4 g6 2. d4 Bg7 3. c3 d6 4. Nf3 Nf6 5. Bd3 O-O 6. O-O Nc6 7. h3 e5 8. Na3 h6
9. Nc2 a6 10. Re1 b5 11. a4 Rb8 12. axb5 axb5 13. d5 Ne7 14. Nb4 Bd7 15. Bf1
Ne8 16. g3 f5 17. exf5 Bxf5 18. Bg2 Qc8 19. Kh2 Nf6 20. Nh4 Bd7 21. f4 e4 22.
Bxe4 Bxh3 23. Bf3 Ng4+ 24. Kg1 Bf6 25. Rxe7 Bxe7 26. Nxg6 Re8 27. Nxe7+ Rxe7
28. Nc6 Rg7 29. Qe2 Ra8 30. Ne7+ Rxe7 31. Rxa8 Qxa8 32. Qxe7 Qa7+ 33. Kh1 Qf2
34. Qe8+ Kg7  1/2-1/2

[Event "2. Bundesliga Ost 2018/2019"]
[Site "alle Wien"]
[Date "2018.10.07"]
[Round "2"]
[Board "3"]
[White "Sadilek, Maximilian"]
[Black "Macko, Miroslav"]
[Result "1-0"]
[WhiteElo "2245"]
[BlackElo "2294"]
[PlyCount "45"]
[EventDate "2018.10.06"]
[EventType "team"]
[EventRounds "11"]
[EventCountry "AUT"]
[WhiteTeam "tschaturanga"]
[BlackTeam "SK Austria"]

1. Nc3 c5 2. e4 Nc6 3. Bb5 Nd4 4. Bc4 e6 5. Nge2 Ne7 6. O-O Nec6 7. a3 a6 8. d3
g6 9. Bf4 d6 10. Qd2 b5 11. Ba2 Bg7 12. Bg5 Qc7 13. Nxd4 Nxd4 14. Bh6 O-O 15.
Bxg7 Kxg7 16. f4 Bb7 17. f5 b4 18. f6+ Kh8 19. Nd1 d5 20. c3 bxc3 21. bxc3 Nb5
22. Qh6 Rg8 23. Rf3  1-0

[Event "2. Bundesliga Ost 2018/2019"]
[Site "alle Wien"]
[Date "2018.10.07"]
[Round "2"]
[Board "4"]
[White "Druckenthaner, Andreas"]
[Black "Rother, Moritz"]
[Result "1/2-1/2"]
[WhiteElo "2304"]
[BlackElo "2108"]
[PlyCount "63"]
[EventDate "2018.10.06"]
[EventType "team"]
[EventRounds "11"]
[EventCountry "AUT"]
[WhiteTeam "SK Austria"]
[BlackTeam "tschaturanga"]

1. e4 c5 2. Nf3 d6 3. Nc3 Nf6 4. e5 dxe5 5. Nxe5 Nbd7 6. Nc4 g6 7. g3 Bg7 8.
Bg2 O-O 9. O-O Nb6 10. Ne3 e6 11. d3 Nbd5 12. Nexd5 Nxd5 13. Bd2 b6 14. Ne4 Bd7
15. c4 Ne7 16. b4 Bc6 17. b5 Bxe4 18. Bxe4 Bxa1 19. Qxa1 Nf5 20. Bxf5 exf5 21.
Bh6 f6 22. Bxf8 Qxf8 23. d4 cxd4 24. Qxd4 Rd8 25. Qf4 Qd6 26. Qxd6 Rxd6 27. a4
Kf7 28. Rc1 Rd4 29. c5 bxc5 30. Rxc5 Rxa4 31. Rc7+ Kg8 32. Rb7  1/2-1/2

[Event "2. Bundesliga Ost 2018/2019"]
[Site "alle Wien"]
[Date "2018.10.07"]
[Round "2"]
[Board "5"]
[White "Devine, Christopher"]
[Black "Pernerstorfer, Johannes"]
[Result "1/2-1/2"]
[WhiteElo "2088"]
[BlackElo "2008"]
[PlyCount "83"]
[EventDate "2018.10.06"]
[EventType "team"]
[EventRounds "11"]
[EventCountry "AUT"]
[WhiteTeam "tschaturanga"]
[BlackTeam "SK Austria"]

1. d4 d5 2. Nf3 Nf6 3. c4 c6 4. g3 Bf5 5. Bg2 e6 6. O-O Bd6 7. Nc3 O-O 8. Bf4
Bxf4 9. gxf4 Nbd7 10. Ne5 Ne4 11. f3 Nxc3 12. bxc3 f6 13. Nxd7 Qxd7 14. e4 Bg6
15. Qb3 dxc4 16. Qxc4 Bf7 17. Qb4 Rfe8 18. Rfd1 Qc7 19. e5 b6 20. Qb2 c5 21.
Rac1 Qc6 22. Qf2 Rac8 23. Qe3 Qa4 24. f5 fxe5 25. dxe5 exf5 26. f4 Re6 27. Kh1
Rce8 28. Bd5 Rg6 29. c4 Qxa2 30. Rd2 Qa4 31. Rcd1 Be6 32. Qf3 Bxd5 33. cxd5 Rg4
34. Rf1 g5 35. Rg2 Rxg2 36. Qxg2 Qe4 37. Qxe4 fxe4 38. Rg1 h6 39. h4 Kf7 40.
hxg5 hxg5 41. Rxg5 c4 42. d6  1/2-1/2

[Event "2. Bundesliga Ost 2018/2019"]
[Site "alle Wien"]
[Date "2018.10.07"]
[Round "2"]
[Board "6"]
[White "Rogetzer, Klaus"]
[Black "Riemelmoser, Stefan"]
[Result "1-0"]
[WhiteElo "2001"]
[BlackElo "2055"]
[PlyCount "65"]
[EventDate "2018.10.06"]
[EventType "team"]
[EventRounds "11"]
[EventCountry "AUT"]
[WhiteTeam "SK Austria"]
[BlackTeam "tschaturanga"]

1. d4 e6 2. Bf4 d5 3. e3 Nf6 4. Nd2 c5 5. c3 Nc6 6. Ngf3 Be7 7. Bd3 O-O 8. Ne5
Nxe5 9. dxe5 Nd7 10. O-O c4 11. Bc2 b5 12. Nf3 Bb7 13. Nd4 b4 14. cxb4 Bxb4 15.
Qg4 Re8 16. h4 Qa5 17. a3 Bf8 18. h5 Nc5 19. Bh6 Kh8 20. Bg5 h6 21. Bh4 Ba6 22.
f4 Nb3 23. Nxe6 Nxa1 24. Rxa1 Rxe6 25. Qf5 g6 26. Qxf7 Qd2 27. hxg6 Bg7 28. Bf6
Rxf6 29. exf6 Qxe3+ 30. Kh1 Rg8 31. fxg7+ Rxg7 32. Qf8+ Rg8 33. Qxh6#  1-0

[Event "2. Bundesliga Ost 2018/2019"]
[Site "alle Wien"]
[Date "2018.10.07"]
[Round "2"]
[Board "1"]
[White "Zilka, Stepan"]
[Black "Stanec, Nikolaus"]
[Result "1/2-1/2"]
[WhiteElo "2533"]
[BlackElo "2473"]
[PlyCount "76"]
[EventDate "2018.10.06"]
[EventType "team"]
[EventRounds "11"]
[EventCountry "AUT"]
[WhiteTeam "Blackburne Nickelsdorf"]
[BlackTeam "SC Donaustadt"]

1. e4 c5 2. Nf3 d6 3. d4 cxd4 4. Nxd4 Nf6 5. Nc3 Nc6 6. Bg5 Bd7 7. Qd2 a6 8.
O-O-O e6 9. f4 Be7 10. Nf3 b5 11. Bxf6 gxf6 12. Kb1 Qb6 13. f5 O-O-O 14. Ne2
Kb8 15. Nf4 Bc8 16. fxe6 fxe6 17. Qe1 Rhe8 18. g3 Qc5 19. Bh3 Bf8 20. Rf1 Bg7
21. Qf2 Qxf2 22. Rxf2 Kc7 23. c3 Bh6 24. Nd4 Bxf4 25. gxf4 Nxd4 26. cxd4 Kb6
27. Kc2 e5 28. Bxc8 Rxc8+ 29. Kd3 Rc4 30. dxe5 dxe5 31. Ke3 exf4+ 32. Rxf4 f5
33. Rd6+ Ka5 34. Rd4 Rxd4 35. Kxd4 fxe4 36. Rxe4 Rd8+ 37. Kc3 Rd6 38. Rh4 h6
 1/2-1/2

[Event "2. Bundesliga Ost 2018/2019"]
[Site "alle Wien"]
[Date "2018.10.07"]
[Round "2"]
[Board "2"]
[White "Pingitzer, Harald"]
[Black "Schwarhofer, Christopher"]
[Result "1-0"]
[WhiteElo "2314"]
[BlackElo "2379"]
[PlyCount "103"]
[EventDate "2018.10.06"]
[EventType "team"]
[EventRounds "11"]
[EventCountry "AUT"]
[WhiteTeam "SC Donaustadt"]
[BlackTeam "Blackburne Nickelsdorf"]

1. e4 c5 2. Nf3 e6 3. d4 cxd4 4. Nxd4 a6 5. Bd3 Qc7 6. O-O Nf6 7. c4 d6 8. Nc3
Nbd7 9. b3 g6 10. Bb2 Bg7 11. Rc1 O-O 12. Bb1 Rd8 13. Qe2 b6 14. Nc2 Bb7 15.
Ne3 Rac8 16. Kh1 Nc5 17. f3 a5 18. Rcd1 Qe7 19. Rfe1 Nh5 20. Qf2 Qf8 21. Bd3 f5
22. exf5 gxf5 23. Nb5 Be5 24. Bxe5 dxe5 25. Bc2 Qe7 26. Nc3 Nf4 27. Qg3+ Kh8
28. Nxf5 Qf6 29. Qh4 Qxh4 30. Nxh4 Ncd3 31. Rf1 b5 32. Nxb5 e4 33. fxe4 Bxe4
34. Nc3 Bc6 35. Bxd3 Nxd3 36. Kg1 e5 37. Nd5 e4 38. Nf5 Bxd5 39. cxd5 Rc2 40.
Ng3 Rg8 41. d6 Rxa2 42. d7 h5 43. Rf5 Rd8 44. Rxh5+ Kg7 45. Rd5 Nf4 46. R5d2
Ra3 47. Nxe4 Rxb3 48. Nc5 Rb5 49. Rc1 Rb6 50. g3 Nh3+ 51. Kg2 Ng5 52. Re1  1-0

[Event "2. Bundesliga Ost 2018/2019"]
[Site "alle Wien"]
[Date "2018.10.07"]
[Round "2"]
[Board "3"]
[White "Vlcek, Stanislav"]
[Black "Schwab, Lukas"]
[Result "1/2-1/2"]
[WhiteElo "2284"]
[BlackElo "2190"]
[PlyCount "184"]
[EventDate "2018.10.06"]
[EventType "team"]
[EventRounds "11"]
[EventCountry "AUT"]
[WhiteTeam "Blackburne Nickelsdorf"]
[BlackTeam "SC Donaustadt"]

1. c4 e6 2. g3 d5 3. Bg2 Nf6 4. Nf3 dxc4 5. Qa4+ Nbd7 6. Qxc4 c5 7. O-O a6 8.
a4 b5 9. Qc2 Bb7 10. b3 Be7 11. Nc3 Qb6 12. d3 O-O 13. Be3 Rfc8 14. h3 Nd5 15.
Nxd5 exd5 16. axb5 Qxb5 17. Rfc1 Nf8 18. Qd1 Ne6 19. Rab1 Bf6 20. Bd2 Rab8 21.
Bc3 Bxc3 22. Rxc3 h6 23. Rcc1 Re8 24. e3 Qb4 25. Ne5 Rbd8 26. Qh5 Ng5 27. Nf3
Ne6 28. Qf5 Bc8 29. Qh5 Bb7 30. h4 Re7 31. Qf5 Bc8 32. Qe5 Kf8 33. Qb2 Bb7 34.
Ra1 Qb5 35. Ne5 Kg8 36. Bf1 Qb6 37. Ra4 Rde8 38. Bg2 Qd6 39. Nf3 Qb6 40. d4 c4
41. Qc3 cxb3 42. Rb4 Qa7 43. Qxb3 Ba8 44. Ne5 Rb7 45. Qa4 Reb8 46. Nc6 Rxb4 47.
Nxb4 Nc7 48. Qd7 Nb5 49. Qxa7 Nxa7 50. Nxa6 Rd8 51. Rc5 Nc8 52. Rc7 Kf8 53. Bf1
Ne7 54. Bh3 Bc6 55. Nb4 Ba4 56. Nd3 Bb3 57. Ne5 Ba4 58. Bg4 Bb5 59. Rb7 Ba4 60.
Kg2 Bc2 61. Bh5 g6 62. Bg4 h5 63. Be2 Bf5 64. Rc7 Rc8 65. Nd7+ Kg7 66. Rxc8
Nxc8 67. Nc5 Nb6 68. f3 Kf6 69. Bb5 Ke7 70. Kf2 Bc8 71. e4 f6 72. Ke3 Bh3 73.
Bc6 dxe4 74. fxe4 Nc4+ 75. Kf4 Bg2 76. Nd3 Nd2 77. d5 Kd6 78. e5+ fxe5+ 79.
Nxe5 Bxd5 80. Bxd5 Kxd5 81. Nxg6 Ke6 82. Kg5 Ne4+ 83. Kf4 Nd6 84. Ne5 Kf6 85.
Nd3 Nf7 86. Ke4 Nd6+ 87. Kf4 Nf5 88. Nc5 Ne7 89. Ne4+ Kg6 90. Ke5 Nf5 91. Ke6
Nd4+ 92. Ke5 Nf5  1/2-1/2

[Event "2. Bundesliga Ost 2018/2019"]
[Site "alle Wien"]
[Date "2018.10.07"]
[Round "2"]
[Board "4"]
[White "Schwab, Rene"]
[Black "Bachofner, Andreas"]
[Result "1/2-1/2"]
[WhiteElo "2140"]
[BlackElo "2184"]
[PlyCount "120"]
[EventDate "2018.10.06"]
[EventType "team"]
[EventRounds "11"]
[EventCountry "AUT"]
[WhiteTeam "SC Donaustadt"]
[BlackTeam "Blackburne Nickelsdorf"]

1. e4 e6 2. d4 d5 3. exd5 exd5 4. Bf4 Nf6 5. Bd3 Bd6 6. Qf3 Qe7+ 7. Kf1 Nc6 8.
c3 Bg4 9. Bxd6 Qxd6 10. Qg3 O-O-O 11. Qxd6 Rxd6 12. f3 Bh5 13. Nd2 Bg6 14. Bxg6
hxg6 15. Nh3 Re8 16. Kf2 Rde6 17. Rhe1 Rxe1 18. Rxe1 Rxe1 19. Kxe1 Kd7 20. Nb3
b6 21. Nc1 Nh7 22. Nd3 f6 23. Nhf4 Ne7 24. Kf2 g5 25. Nh5 g6 26. Ng3 Kd6 27.
Nf1 c5 28. dxc5+ bxc5 29. b4 cxb4 30. cxb4 Nc6 31. Nd2 Nf8 32. Nb3 Ne6 33. g3
Ne5 34. Ke2 Nc4 35. h3 Na3 36. f4 gxf4 37. gxf4 Nb5 38. Ke3 d4+ 39. Kf3 Kd5 40.
Nd2 Nc3 41. a3 f5 42. h4 Ne4 43. Nf1 Kc4 44. Ne5+ Kc3 45. Nxg6 d3 46. Ne7 Nd4+
47. Kg2 Nf6 48. Nc8 Nh5 49. Nxa7 Nxf4+ 50. Kf2 d2 51. Nxd2 Kxd2 52. b5 Nd3+ 53.
Kf1 f4 54. b6 Nc5 55. h5 Nf5 56. h6 Nxh6 57. Kf2 Ng4+ 58. Kf3 Ne5+ 59. Kxf4 Nc4
60. Nc8 Nxa3  1/2-1/2

[Event "2. Bundesliga Ost 2018/2019"]
[Site "alle Wien"]
[Date "2018.10.07"]
[Round "2"]
[Board "5"]
[White "Bury, Rastislav"]
[Black "Kropik, Martin"]
[Result "1-0"]
[WhiteElo "2140"]
[BlackElo "2098"]
[PlyCount "151"]
[EventDate "2018.10.06"]
[EventType "team"]
[EventRounds "11"]
[EventCountry "AUT"]
[WhiteTeam "Blackburne Nickelsdorf"]
[BlackTeam "SC Donaustadt"]

1. d4 g6 2. Nf3 Nf6 3. g3 Bg7 4. Bg2 O-O 5. O-O d5 6. c4 c6 7. Nc3 Ne4 8. cxd5
cxd5 9. Nxe4 dxe4 10. Ne5 Qd5 11. b3 Nc6 12. Nxc6 bxc6 13. Bb2 Rd8 14. Qc2 Bf5
15. e3 Rac8 16. h3 h5 17. Rfd1 g5 18. Rac1 Qe6 19. Qe2 Bxh3 20. d5 cxd5 21.
Rxc8 Rxc8 22. Qxh5 Qg4 23. Qxg4 Bxg4 24. Rxd5 f5 25. Bxg7 Kxg7 26. Bxe4 Kf6 27.
f3 fxe4 28. fxg4 Rc1+ 29. Kf2 Rc2+ 30. Kf1 Rxa2 31. Rf5+ Kg6 32. Re5 Rb2 33.
Rxe4 Rxb3 34. Rxe7 a5 35. Re6+ Kf7 36. Re5 a4 37. Kf2 Kf6 38. Rf5+ Kg6 39. Ra5
a3 40. Ra6+ Kf7 41. Kf3 Kg7 42. Ke4 Rb4+ 43. Kf5 Rb5+ 44. Ke6 Rb3 45. e4 Rf3
46. e5 Kg6 47. Kd5+ Kf7 48. Ke4 Rxg3 49. Kf5 Re3 50. Ra7+ Ke8 51. Ke6 Kd8 52.
Kd6 Rd3+ 53. Ke6 Re3 54. Kf6 Kc8 55. e6 Kb8 56. Ra5 Kc7 57. e7 Kd7 58. Rd5+ Kc7
59. Rd2 Kc6 60. Kf7 Rf3+ 61. Ke8 Rb3 62. Kf7 Rf3+ 63. Kg6 Re3 64. Kf6 Kc7 65.
Rd5 a2 66. Ra5 Kd7 67. Rxa2 Re6+ 68. Kf5 Ke8 69. Ra8+ Kf7 70. e8=Q+ Rxe8 71.
Rxe8 Kxe8 72. Kxg5 Kf8 73. Kh6 Kg8 74. g5 Kh8 75. g6 Kg8 76. g7  1-0

[Event "2. Bundesliga Ost 2018/2019"]
[Site "alle Wien"]
[Date "2018.10.07"]
[Round "2"]
[Board "6"]
[White "Hofbauer, Peter"]
[Black "Rongitsch, Thomas"]
[Result "1-0"]
[WhiteElo "2072"]
[BlackElo "2101"]
[PlyCount "73"]
[EventDate "2018.10.06"]
[EventType "team"]
[EventRounds "11"]
[EventCountry "AUT"]
[WhiteTeam "SC Donaustadt"]
[BlackTeam "Blackburne Nickelsdorf"]

1. e4 c5 2. c3 Nf6 3. e5 Nd5 4. d4 cxd4 5. cxd4 e6 6. Nf3 d6 7. Nc3 Nxc3 8.
bxc3 Nc6 9. exd6 Bxd6 10. Bd3 Be7 11. O-O O-O 12. Qc2 g6 13. a3 Bf6 14. Rd1 b6
15. Bh6 Re8 16. Bb5 Bb7 17. Qa4 Qc7 18. Ne5 Rec8 19. Ng4 Bg7 20. Bxg7 Kxg7 21.
d5 exd5 22. Rxd5 Rd8 23. Bxc6 Qxc6 24. Qd4+ f6 25. c4 Rxd5 26. cxd5 Qd6 27. Re1
Rf8 28. h4 Bc8 29. Ne3 Bb7 30. h5 Rd8 31. Qg4 Bc8 32. Qh4 Qxa3 33. h6+ Kf7 34.
Nc4 Qf8 35. d6 Be6 36. Qf4 g5 37. Qe4  1-0